000 00353nam a2200133Ia 4500
008 100328s9999 xx 000 0 und d
082 _b50769
100 _aपै शिरीष
245 _aरानपाखरे.
260 _bमनोरमा
630 _aरानपाखरे.
730 _aरानपाखरे.
942 _cBOOK
999 _c537848
_d537845